000 00239nam a22000857a 4500
008 160629b xxu||||| |||| 00| 0 eng d
100 _91298
_a Arya Publications
245 _aDisaster Management - IX
260 _aNew Delhi
_bArya Publication
_c2005
999 _c1063
_d1063